[Event "Maplewood Qualifier"]
[Site "?"]
[Date "2024.06.02"]
[Round "5"]
[White "Atanasov, Anthony"]
[Black "Noritsyn, Nikolay"]
[Result "1-0"]
[WhiteElo "2489"]
[BlackElo "2569"]
[Annotator "Anthony Atanasov"]
[PlyCount "99"]
[EventDate "2024.05.31"]
[SourceTitle "Chess Canada '24.08"]
[Source "CFC/John Upper"]
[SourceDate "2024.08.27"]
[SourceVersion "1"]
[SourceVersionDate "2024.08.21"]
[SourceQuality "1"]

{[%mdl 32768][%evp 0,99,27,25,22,1,-3,-19,-7,-30,-26,-21,-9,-31,-31,-31,-16,-2,
-13,-9,-9,-7,0,-8,1,10,-12,3,-4,2,10,-13,-9,20,-2,4,-1,-1,26,-12,-42,-42,-18,
-12,-28,-19,10,8,7,13,14,13,24,-1,13,-20,-19,-10,14,27,29,39,36,42,45,50,63,63,
73,81,70,96,84,93,97,96,93,126,118,122,135,135,133,148,140,145,208,210,237,242,
428,459,499,528,756,830,1113,1169,1189,1178,1262,1336] In round 5 I had the
white pieces vs my coach, rated 2450. After the chaotic games on the previous
day I decided to play things a bit safer with 1. d4.} 1. d4 Nf6 {I was
expecting either 1...d5 or 1...e6, so this came as a slight surprise.} 2. c4 e6
3. Bf4 {[#] A pretty rare line -- probably because it's not very good for
white if Black plays precisely. That being said, it's not a bad to have as a
surprise weapon. IM Noritsyn is my coach, so he was aware of my fondness for
this 3.Bf4 idea, but I didn't think he'd ever taken it seriously. He told me
afterward that he only knew that the engine likes Black's position after 4...
Nxd5. After that move he was playing on his own.} d5 4. cxd5 Nxd5 (4... exd5 5.
e3 {I think white gets a pleasant version of the Carlsbad structure here. The
advantage is nothing serious of course.}) 5. Bg3 c5 6. e4 Nf6 7. Nd2 {[#]
Black has played critically so far, here the more dangerous moves are ...cxd4
and ...Qxd4, after which white plays for compensation. The position is equal
with best play after both moves.} Nc6 {Not the most ambitious move, but still
quite fine for black.} 8. dxc5 Bxc5 9. e5 Nd5 10. Ngf3 O-O 11. a3 {Stops a
potential ...Nb4 or ...Bb4 in the future.} Nd4 12. Rc1 Nxf3+ {[#]} 13. Nxf3 $2
{Both sides had played well up to this point, but here I made an error in
evaluating the position after ...Qa5+ b4.} (13. Qxf3 Bd4 14. Rc2 Bd7 15. Bd3
$14 {White should get a nice position here.}) 13... Be7 (13... Qa5+ 14. b4 Nxb4
15. axb4 Bxb4+ 16. Nd2 Rd8 17. Bf4 Bd7 18. Bd3 {I got this this far in my
calculations and came to the conclusion that I should be able to castle. But
looking a little futher...} Ba4 19. Qe2 Rxd3 $1 20. Qxd3 Rd8 $8 21. Qe2 Bb5 $8
22. Qd1 Ba6 $19 {Black is winning due to white's inability to castle.}) 14. Bd3
Qa5+ 15. Nd2 {[#]} Bd7 (15... Bg5 {This move seems to cause a lot of problems
for white, but it turns out white is fine after giving away a-pawn:} 16. Rc2
Nf4 (16... Bd7 17. O-O Ba4 18. b3 Bxd2 19. Qxd2 Qxd2 20. Rxd2 Bxb3 21. Rb1 Ba4
22. Rxb7 $11) 17. Be4 Qxe5 18. O-O $11 {Black's pieces are quite clumsy, so
white has decent compensation.}) 16. O-O Bb5 17. Nc4 Qa6 18. b3 Nb6 {[#]} 19.
Qh5 (19. Nxb6 {was more accurate, but it leads to a drawish position after}
Qxb6 20. Bxb5 Qxb5 21. a4 $1 {where I thought if anyone had chances, it was
Black.}) 19... g6 (19... h6 20. a4 Bxc4 21. Bxc4 $11) 20. Qf3 Nxc4 (20... Bxc4
21. Bxc4 Qxa3 $1 {Neither of us really considered this, but Black is doing
really well here.} 22. Qxb7 Nxc4 23. bxc4 a5 $17) 21. Bxc4 Rac8 22. Bxb5 Qxb5
23. a4 {[#]} Qd5 (23... Qb4 24. Bf4 {is what I was expecting to happen, and I
liked my position here. Black's king isn't very safe, so having the queens on
should give me some chances.}) 24. Qxd5 exd5 25. Rfd1 d4 26. Bf4 (26. Kf1 {
was my initial consideration, but I dismissed it due to} Rc3 {but it turns out
white is still doing well here.} 27. Rxc3 dxc3 28. Ke2 Rc8 29. Kd3 $14 {
I didn't see a concrete problem with this in my calculations, but it felt a
bit risky.}) 26... g5 {[#]} 27. Rxc8 $6 (27. Bd2 $14 {White's king will come
to d3 next.}) 27... Rxc8 28. Rc1 {Despite dismissing Kf1 a couple moves ago
due to ...Rc3, I simply forgot about the possibility of ...Rc3 here.} Rd8 $2 {
So did he, it seems.} 29. Bd2 Rd5 $2 (29... Rd7 {Black is still worse here,
but it's not as bad as the game.}) 30. Rc7 Rxe5 31. Kf1 {[#] I saw this
position a few moves prior and thought this could be very good for me -
Black's pieces aren't well placed, and the b and a- pawns are going to fall
soon.} a6 (31... d3 {Black was relying on this move in his calculations ---
but it doesn't work due to the following tactic:} 32. Rc8+ Kg7 (32... Bf8 33.
Bb4 d2 34. Bxd2 $18) 33. Bc3 $18) 32. Rxb7 Re6 33. a5 Kg7 34. b4 Kf6 $6 (34...
d3 {with the idea ...Re2 was Black's best try. Offense is the best defense.})
35. b5 axb5 36. Rxb5 h6 37. Rd5 {[#]} Rd6 $2 {The bishop endgame is lost for
black, so keeping the rooks on the board would've been a better try.} (37...
Rc6 38. Rxd4 Rc2 {White needs to show some very good technique to win here.})
38. Rxd6+ Bxd6 39. a6 Bc5 40. Ke2 Ke5 41. Kd3 Kd5 {[#]} 42. Bb4 {editor - !}
Ba7 43. g4 {Fixing the pawns. The rest is easy.} Kc6 44. Bf8 Kb5 45. Bxh6 Kxa6
46. Bxg5 Kb5 47. h4 Kc5 48. h5 Bb8 49. Bf6 Bf4 50. g5 {Black resigned here and
the kings were put on light squares, so the DGT board and the databases
include ...Kd5.  Although I made several mistakes this game, it was probably
still my best game of the tournament.} 1-0

[Event "Maplewood Qualifier"]
[Site "?"]
[Date "2024.06.02"]
[Round "9"]
[White "Vettese, Nicholas"]
[Black "Atanasov, Anthony"]
[Result "0-1"]
[WhiteElo "2501"]
[BlackElo "2489"]
[Annotator "Anthony Atanasov"]
[PlyCount "108"]
[EventDate "2024.05.31"]
[SourceTitle "Chess Canada '24.08"]
[Source "CFC/John Upper"]
[SourceDate "2024.08.27"]
[SourceVersion "1"]
[SourceVersionDate "2024.08.21"]
[SourceQuality "1"]

{[%mdl 32768][%evp 0,108,27,27,20,-10,-10,-3,-10,-1,15,-38,-31,-37,-37,-49,-46,
-38,-36,-38,-38,-42,-24,-38,-41,-77,-80,-75,-70,-72,8,6,14,-78,48,28,27,27,18,
26,9,23,46,58,40,27,89,97,75,85,90,76,69,69,76,64,95,19,109,97,93,89,112,87,
124,122,106,140,243,78,178,117,139,55,64,15,72,0,62,9,0,-53,-52,-177,-171,-194,
-166,-198,-184,-210,-196,-210,-224,-224,-229,-236,-234,-270,-311,-310,-310,
-317,-313,-313,-337,-455,-455,-460,-449,-490,-448] Going into the last round I
was a full point ahead of the rest of the field, but with a loss and some
unlucky results on the other boards I could actually still have missed top 3.
I had the black pieces vs a 2250, and I decided to play a normal game.} 1. Nf3
{Another 1. e4 man avoiding the Petrov -- given his tournament situation
requiring a win, a logical decision. We quickly ended up getting an imbalanced
position.} d5 2. g3 Bf5 (2... g6 {Maybe considering I just needed a draw, I
should've done this -- symmetrical positions are a lot harder to lose.} 3. Bg2
Bg7 4. d4 Nf6 $11) 3. c4 dxc4 4. Na3 e5 {[#] White has succeeded in getting an
interesting position. I had this same position against Preotu in the
Candidates Rapid and did pretty well, so I was happy to repeat it.} 5. Bg2 $6 (
5. Nxc4 {is the correct move, if I'm not mistaken.} e4 6. Ne3 Bd7 7. Nh4 Nc6 8.
Bg2 Nf6 9. d3 Be6 $13 {I think Black is pretty comfortable here.}) 5... Bxa3 6.
Qa4+ Qd7 7. Qxa3 Nc6 {White has to waste a couple tempi taking the c4 pawn
here.} 8. Qc5 f6 9. Qxc4 Nge7 10. O-O h5 {[#] I thought I was much better here,
and I was. The attack against White's king is pretty quick, with ...Bh3 and ...
g5+h4 coming.} 11. b4 Be6 12. Qc5 b6 13. Qc3 Nd5 14. Qb2 {[#]} Bh3 $2 (14...
Ndxb4 {I really can't understand why I didn't just take this pawn. For some
reason I just didn't feel like taking it --- not a good reason to avoid
winning material!}) 15. Bxh3 Qxh3 16. Qc2 Qe6 $2 {I once again could have won
material but chose not to, for no apparent reason.} (16... Ncxb4 17. Qg6+ Kf8
$15) 17. b5 e4 $6 {[#] This time I'm losing material, although there is at
least some pretty clear compensation afterwards. ...Na5 would've been fine too.
} 18. bxc6 exf3 19. Qg6+ Kf8 20. exf3 Rh6 $2 {Though natural, this move is
wrong. It was best to focus on the   attack with ...h4.} (20... h4 21. Ba3+ Kg8
) 21. Ba3+ Kg8 {[#]} 22. Qe4 ({After} 22. Qc2 $1 {White can actually hold on
to the pawn - interestingly, there's no actual way for Black to win it,
despite it being very weak.} f5 23. Rae1 {c6 hangs but so does f5.}) 22... f5
$2 {I should've just taken the c6 pawn instead. With this move, the f5-pawn
becomes a pretty serious target, and this move also weakens the a1-h8 diagonal
-- something that will almost prove decisive later on.} 23. Qd3 {I definitely
misevaluated this position during the game. I felt like I was close to equal,
but in fact White is much better.} Qf7 24. Rfe1 (24. Rae1 {While the game move
is more natural, using this rook would've been more precise, as ...Re6
wouldn't work due to Qxd5, after which ...Rxe1 is not check.}) 24... Re6 25.
Rxe6 Qxe6 26. Bb2 Re8 27. Rc1 Qf7 {[#]} 28. f4 {Not a bad move, but it gave me
more time - Rc4-d4 instead looked crushing.} (28. Rc4 Kh7 29. Rd4 Rd8 30. Qe2 {
+- The queen will come in to e5 next.}) 28... h4 ({The engine's choice here is
to go pawn-grabbing with} 28... Nb4 {but this feels way too dangerous in a
human game.}) 29. Be5 a5 30. a3 $1 {Putting an end to ...Nb4 possibilities.
Neither side really wants to do much here -- ...a5 and a3 are mostly just
waiting moves.} h3 31. f3 g5 32. Kf2 Kh7 33. Rg1 {[#] I couldn't really find a
move here! It doesn't feel like white has a   threat, but somehow every move I
looked at seemed to allow white to do   something.} Re7 $2 {Removing the
Rook's access to g8 proves critical in some lines, for example after Rb1 gxf4
gxf4.} (33... Qe6 {is Black's "least bad" move. But then} 34. Re1 {and this
does feel pretty easy for White, which is why I avoided it in the game.}) 34.
Bb2 Kg6 35. fxg5 $2 {White's first serious misstep here.} (35. Be5 $142 {
The bishop was good on this square. Rb1-b5 was White's winning plan.}) 35...
Qe6 36. Rc1 Kxg5 {Now I felt like I was in the game again.} 37. f4+ Kh6 {[#]}
38. Qf1 $4 {Allowing a tactic that both of us missed in the game.} (38. Be5
$142 $11) 38... Kg6 $11 (38... Ne3 $142 $8 $19 39. Qxh3+ Kg6 $19 {No more
checks! White's king is too vulnerable here, and white's pieces have a hard
time coming to the defense.}) 39. Be5 Nf6 40. Kg1 ({editor - SF16 identifies
this as White's losing move, losing to the game continuation and nothing else.
} 40. Bxf6 $142 $11) 40... Ng4 $1 41. Qxh3 ({After} 41. Qd3 Nxe5 42. fxe5 Qxe5
43. g4 {the resulting endgame is probably still losing, but it requires good
technique on Black's part.}) 41... Rh7 42. Qf1 Rxh2 43. Qc4 Qxc4 44. Rxc4 Rxd2
{[#] White is lost here for tactical reasons: Bxc7 allows ...Rd1+ and ...Ne3+
winning the rook, while Rd4 runs into ...Nxe5.} 45. Rc3 Nxe5 46. fxe5 Kf7 $19
47. Rf3 Ke6 48. g4 fxg4 49. Rf6+ Kxe5 50. Rf7 Ra2 51. Rxc7 Kd6 52. Rc8 Rxa3 53.
Kf2 g3+ 54. Kg2 Rc3 {Not a good game! After getting a nearly winning position
out of the opening, I messed it up with some very inaccurate moves and ended
up getting a worse/lost position for a large portion of the game. While   the
final result was fortunate for me, I didn't play at a very high level.} 0-1

[Event "Calgary 14th"]
[Site "Calgary"]
[Date "2023.12.29"]
[Round "7"]
[White "Wu, Jonathan"]
[Black "Findlay, Ian T"]
[Result "1/2-1/2"]
[WhiteElo "2015"]
[BlackElo "2126"]
[Annotator "John Upper"]
[PlyCount "52"]
[EventDate "2023.12.26"]
[EventType "swiss"]
[EventRounds "9"]
[EventCountry "CAN"]
[SourceTitle "Chess Canada '24.08"]
[Source "CFC/John Upper"]
[SourceDate "2024.08.27"]
[SourceVersion "1"]
[SourceVersionDate "2024.08.21"]
[SourceQuality "1"]

{[%mdl 32768]} 1. e4 c5 2. Nf3 d6 3. d4 cxd4 4. Nxd4 Nf6 5. Nc3 g6 6. Be3 Bg7
7. f3 Nc6 8. Qd2 O-O 9. Bc4 Bd7 10. O-O-O Rc8 11. Nxc6 $1 {[#] To call this
rare would be an understatement: it is 100x less common than the main line
with 11.Bb3, and it isn't even mentioned in the Quality Chess GM repertoire
books by Gwain Jones (on the Dragon) or Negi in his 1.e4 reptertoire. This is
even more remarkable because at low ply, SF16 rates Nxc6 as best, and at 40
ply SF16 rates it worse than Bb3 by an insignificant 0.04.  This combination
of sound but very rare makes it an excellent choice in the very well-trodden
Dragon main lines.} ({The more common line goes} 11. Bb3 Nxd4 12. Bxd4 b5 13.
Bxa7 b4 14. Nd5 Nxd5 15. exd5 Qa5 {and here, unlike the game, the move} 16. Bd4
$2 {is bad because} Rxc2+ $3 17. Bxc2 Qxa2 $8 $36 {Bakre,T (2492)-Zawadzka,B 
(2298) Pardubice Skanska op 2004 (6) 0-1}) 11... Bxc6 12. Bb3 b5 {This is the
main move in lines with ...Nxd4 Bxd4, but that depends on both the c-file
tactics in the previous note, and not losing a tempo to the attack on the Bc6
after exd5.} 13. Bxa7 $1 {[#]} {Ian faced this position twice in the same day!}
b4 $1 {A move order improvement, which doesn't allow White to simply trade the
Dragon B with Bd4.} ({In the previous round that morning, Ian played the weaker
} 13... Qa5 14. Bd4 b4 15. Nd5 $16 Nxd5 16. Bxg7 Kxg7 17. exd5 Ba4 {[%mdl 64] 
[#]Critical Position} 18. c4 $3 {This move might not occur to players whose
heads are ringing with the old saws about "not making pawn moves around your
king unless necessary", or "not moving pawns on the area of the board where
your opponent is stronger"; but this move kills all of Black's play and
essentially ends the game.} (18. Qd4+ {is also good, so long as White plays c4
next.}) 18... Rc7 (18... bxc3 $2 19. Qd4+ $8 $18 {wins the B and a black pawn
on b2 will protect White's K long enough to consolidate.}) (18... Bxb3 19. axb3
$18 {gives White a safe K on c2 and targets on b4 and e7.}) 19. Bxa4 Qxa4 20.
b3 Qa6 21. Kb1 {[#]White is up a pawn, with a safer king and a better
structure. Notice how c2-c4 allows both lateral defence of a2 while killing
any hope for play on the c-file. In the morning round, Neil Doknjas wrapped up
smoothly with:} Ra8 22. Rhe1 Kg8 23. Re2 Qb6 24. h4 Rca7 25. Qf4 Ra3 26. Rxe7 {
Doknjas,N (2255)-Findlay,I (2126) Calgary int. 2023 (6) 1-0}) 14. Nd5 Nxd5 15.
exd5 (15. Bxd5 $4 Bxd5 16. exd5 Qa5 $19) 15... Qa5 $8 {[#] Here we see the
point of Black's improved move order.} 16. Qe3 ({Trying to transpose to
Doknjas - Findlay from the morning round with} 16. Bd4 {fails tactically to}
Bxd5 $1 17. Bxd5 (17. Bxg7 $4 Bxb3 $19) 17... Qxd5 18. Bxg7 Qxa2 $1 19. Qxb4 $8
Kxg7 $17 {with equal material but White's king is much less safe.}) 16... Ba4
$8 17. Bd4 $8 $11 Bxd4 18. Rxd4 Rc5 19. Rhd1 {[#] Critical Position ...Ra8, ...
Rfc8, or ...Bxb3.} Ra8 $2 {Going for play on the a-file; but we've already
seen a clever and non-standard defence to this.} (19... Bxb3 $142 20. Qxb3 Rfc8
$11 {with standard play.}) (19... Rfc8 $142 $5 {invites complications after}
20. c4 $1 Bb5 21. Qd3 Bxc4 22. Rxc4 (22. Bxc4 Qxa2 $8 23. b3 $8 $13) 22...
Rxc4+ $8 23. Bxc4 Qxa2 $8 24. b3 Qxg2 $13) 20. Kb1 $2 $11 ({As in the Doknjas
game,} 20. c4 $8 $18 {just kills all Black's play.   Having suffered against
this in the morning round, and then overlooking it in the afternoon, shows
just how hard it is to see such "unnatural" looking moves!}) 20... Rac8 {[#]}
21. R1d2 $2 {White is mezmerized into thinking all the play is on the
queenside.} (21. Qh6 $142 $18 {and White gets the typical (and crushing)
anti-Dragon h-file attack... without even having to play h2-h4-h5 etc.}) 21...
Bxb3 22. Qxb3 $8 Qb5 {[%mdl 64] [#]Critical Position Black threatens ...Qf1+,
and maybe even ...Rxc2.} 23. Qd3 $6 {Stops Black's threats, but there was much
better.} ({Once again, the winning move is a non-standard pawn push in front
of the king:} 23. a4 $3 {Either wins the b-pawn or trades it off and ends
Black's queenside play.} bxa3 24. Qxb5 Rxb5 25. b3 $1 $16 {Ka2 will either win
the pawn or tie a Black rook to its defence, leaving White clearly better
everywhere else on the board.}) 23... Qb6 24. Qb3 Qb5 25. Qd3 Qa5 26. Qb3 Qb5
1/2-1/2

[Event "Fraser Valley Rapid 10"]
[Site "Langley CAN"]
[Date "2024.02.03"]
[Round "4.1"]
[White "Nunez Asencio, Jorge"]
[Black "Doknjas, Neil"]
[Result "1-0"]
[WhiteElo "2251"]
[BlackElo "2245"]
[Annotator "John Upper"]
[PlyCount "61"]
[EventDate "2024.02.03"]
[EventType "swiss (rapid)"]
[EventRounds "6"]
[EventCountry "CAN"]
[SourceTitle "Chess Canada '24.08"]
[Source "CFC/John Upper"]
[SourceDate "2024.08.27"]
[SourceVersion "1"]
[SourceVersionDate "2024.08.21"]
[SourceQuality "1"]

{[%evp 0,61,18,17,69,68,65,24,33,47,72,79,69,58,39,36,36,45,41,27,27,8,-2,7,36,
27,73,69,69,49,46,61,128,152,375,350,352,358,367,374,396,402,402,412,412,413,
403,294,304,317,348,371,388,367,670,694,782,845,1091,1137,1123,1433,29989,
29990]} 1. d4 d6 2. Nf3 Nf6 3. c4 g6 4. Nc3 Bf5 5. h3 Ne4 6. Nxe4 Bxe4 7. Ng5
Bc6 8. d5 Bd7 9. Qd4 f6 10. h4 Bg7 11. h5 O-O {[#]} 12. Nf3 (12. Nxh7 $5 {
"with attacking chances" is obviously very tempting, but with little time to
calculate in a rapid game, you'd have to be very confident of your evaluation
skills to go into this when White has only one pawn for the piece.  In fact,
White does have a winning attack:} Kxh7 13. Qd3 $1 (13. hxg6+ $4 Kg8 $19) 13...
f5 (13... Bf5 14. hxg6+ Kxg6 15. e4 $18) (13... Qe8 14. hxg6+ Kg8 15. Bh6 $18)
14. hxg6+ $8 Kxg6 15. Qg3+ Kf7 16. Rh7 Rg8 17. Bh6 Qf8 18. e3 {Black is so
tied up there is no time to defend against Be2-h5, winning the Bg7 with a
continued attack; e.g.} f4 19. Qg5 $1 $18) 12... e5 13. dxe6 Bxe6 14. hxg6 (14.
Qe4 Qe8 $1 $14) 14... hxg6 15. Bh6 {[%mdl 64] [#] Critical Position Which is
better: bringing a piece to defend with ...Qe7-g7, or ...Bxh6 then ...Kg7 to
fight for the h-file.} Bxh6 $2 (15... Nc6 16. Qe3 $1 (16. Qh4 $6 g5 $1 $13 17.
Nxg5 fxg5 18. Bxg5 Qd7 (18... Rf6 $5) 19. Qh7+ Kf7 20. Qh5+ $11) 16... Qe7 17.
Bxg7 Kxg7 18. Qh6+ Kf7 19. Qh7+ Ke8 20. Qxg6+ Kd7 21. Rh7 Rf7 $16) (15... Qe7
16. Bxg7 Qxg7 $1 17. Qe4 {forking e6 and b7} Re8 $8 18. Qxb7 Nd7 $14) 16. Rxh6
Kg7 {This loses, but only if White finds the next two moves:} 17. Ng5 $8 (17.
Qh4 $2 Rh8 $8 $13) 17... Bg8 (17... Kxh6 $2 18. Qh4+ Kg7 19. Qh7#) (17... Qe8
18. Rh7+ Kg8 19. Qh4 {mates more slowly.}) 18. Rh7+ $8 $18 Bxh7 19. Ne6+ Kf7
20. Nxd8+ $18 Rxd8 21. Qd5+ $1 Ke7 22. Qxb7 Nd7 23. O-O-O Rdc8 24. g3 Nc5 {[#]}
25. Qh1 $1 {Always flashy to play the Q to the corner; even better when it's a
strong move.} Bg8 26. Bh3 Rcb8 27. Bg2 $1 {the Ra8 is a goner.} Rb4 28. Bxa8
Bxc4 29. Qh7+ Ke6 30. Qxc7 Bxa2 31. Rxd6+ 1-0